[Event "Arco op 43rd"]
[Site "Arco"]
[Date "2021.10.14"]
[Round "6"]
[White "Oppici, Gabriele"]
[Black "Arsenie, Cristian Marc"]
[Result "0-1"]
[WhiteElo "1892"]
[BlackElo "1757"]
[PlyCount "104"]
[EventDate "2021.10.09"]
[EventType "swiss"]
[EventRounds "9"]
[EventCountry "ITA"]
[SourceTitle "CBM 204 Extra"]
[Source "ChessBase"]
[SourceDate "2021.11.30"]
[SourceVersion "1"]
[SourceVersionDate "2021.11.30"]
[SourceQuality "1"]

1. Nf3 d5 2. g3 Bg4 3. Bg2 Nd7 4. d3 c6 5. 0-0 Ngf6 6. Nbd2 e5 7. e4 dxe4 8. dxe4 Bc5 9. c3 0-0 10. Qc2 Re8 11. Nc4 Qc7 12. b4 Bf8 13. Bb2 b5 14. Ne3 Bxf3 15. Bxf3 Nb6 16. Rad1 c5 17. a3 Rac8 18. Qe2 Na4 19. Ba1 c4 20. Qc2 Qb7 21. Bg2 g6 22. Bb2 Qc6 23. Bc1 Bh6 24. Nd5 Bxc1 25. Qxc1 Nxd5 26. Rxd5 Rcd8 27. Rfd1 Rxd5 28. Rxd5 Nb6 29. Rd1 Re7 30. Rd8+ Kg7 31. h4 Rd7 32. Rxd7 Qxd7 33. h5 f6 34. h6+ Kf7 35. Qe3 g5 36. f4 Qd1+ 37. Kh2 Qh5+ 38. Kg1 gxf4 39. gxf4 Qxh6 40. Qc5 Qxf4 41. Qc7+ Kg6 42. Qxa7 Qe3+ 43. Kh2 Qh6+ 44. Bh3 Na4 45. Qd7 Qf4+ 46. Kg1 Qxe4 47. Qe8+ Kg5 48. Qg8+ Kf4 49. Qg4+ Ke3 50. Qd1 Nxc3 51. Qe1+ Kd4 52. Qd2+ Qd3 0-1

[Event "Arco op 43rd"]
[Site "Arco"]
[Date "2021.10.11"]
[Round "3"]
[White "Oppici, Gabriele"]
[Black "Deubel, Silas"]
[Result "1/2-1/2"]
[WhiteElo "1892"]
[BlackElo "1531"]
[PlyCount "78"]
[EventDate "2021.10.09"]
[EventType "swiss"]
[EventRounds "9"]
[EventCountry "ITA"]
[SourceTitle "CBM 204 Extra"]
[Source "ChessBase"]
[SourceDate "2021.11.30"]
[SourceVersion "1"]
[SourceVersionDate "2021.11.30"]
[SourceQuality "1"]

1. d4 Nf6 2. Nf3 c5 3. e3 d5 4. Bd3 Bg4 5. 0-0 e6 6. b3 Nc6 7. Bb2 cxd4 8. exd4 Bd6 9. Nbd2 0-0 10. a3 e5 11. dxe5 Nxe5 12. Be2 Nc6 13. Re1 Re8 14. h3 Bh5 15. Nd4 Bc5 16. Nxc6 bxc6 17. Bxh5 Rxe1+ 18. Qxe1 Nxh5 19. Qe2 Qg5 20. Nf3 Qf4 21. Re1 Ng3 22. Qe5 Qxe5 23. Bxe5 Ne4 24. Bd4 Bb6 25. Bxb6 axb6 26. a4 f6 27. Nd4 c5 28. Nf5 Re8 29. f3 g6 30. Ne3 Nc3 31. Kf2 Kf7 32. Ng4 Rxe1 33. Kxe1 d4 34. Nf2 Ke6 35. Kd2 Nd5 36. g3 h6 37. Nd3 g5 38. a5 Kd6 39. axb6 Nxb6 1/2-1/2

[Event "Arco op 41st"]
[Site "Arco"]
[Date "2019.10.09"]
[Round "6"]
[White "Oppici, Gabriele"]
[Black "Zum Felde, Michael"]
[Result "1/2-1/2"]
[WhiteElo "1942"]
[BlackElo "2139"]
[PlyCount "127"]
[EventDate "2019.10.04"]
[EventType "swiss"]
[EventRounds "9"]
[EventCountry "ITA"]
[SourceTitle "EXT 2020"]
[Source "ChessBase"]
[SourceDate "2019.10.17"]
[SourceVersion "1"]
[SourceVersionDate "2019.10.17"]
[SourceQuality "1"]

1. Nc3 c5 2. Nf3 Nc6 3. d4 cxd4 4. Nxd4 Nf6 5. Bg5 Qa5 6. Bxf6 gxf6 7. g3 Qb6 8. Nb3 d6 9. Bg2 Bg7 10. 0-0 h5 11. h4 f5 12. Nd5 Qd8 13. c3 e6 14. Nf4 e5 15. Nd5 Ne7 16. e3 Rb8 17. Nd2 Be6 18. Nxe7 Kxe7 19. Nf3 Qb6 20. b3 Bf6 21. c4 f4 22. exf4 exf4 23. Ng5 fxg3 24. c5 dxc5 25. fxg3 Rbd8 26. Qf3 Bxa1 27. Rxa1 Kd7 28. Nxf7 Bxf7 29. Qxf7+ Kc8 30. Qf5+ Kb8 31. Rc1 Qd6 32. Qf3 Rd7 33. Kh2 a6 34. Re1 Ka8 35. Bh3 Rf8 36. Qxh5 Qd2+ 37. Re2 Rf2+ 38. Rxf2 Qxf2+ 39. Bg2 Ka7 40. Qe8 Rd2 41. Qe4 Qf7 42. Qe3 Qd5 43. Qg1 Rxa2 44. Kh3 Qe6+ 45. Kh2 Rc2 46. b4 b6 47. bxc5 Rxc5 48. Qf1 a5 49. Qf8 Qc8 50. Qf7+ Rc7 51. Qb3 Rc2 52. Qa4 Rc4 53. Qb5 Qc7 54. Qg5 a4 55. h5 Rc5 56. Qg4 b5 57. h6 Qf7 58. Qd4 Qh5+ 59. Kg1 Kb6 60. Qd8+ Ka7 61. Qa5+ Kb8 62. Qd8+ Ka7 63. Qa5+ Kb8 64. Qd8+ 1/2-1/2

[Event "Arco op 40th"]
[Site "Arco"]
[Date "2018.10.16"]
[Round "4"]
[White "Oppici, Gabriele"]
[Black "Damia, Angelo"]
[Result "0-1"]
[WhiteElo "1976"]
[BlackElo "2296"]
[PlyCount "62"]
[EventDate "2018.10.13"]
[EventType "swiss"]
[EventRounds "9"]
[EventCountry "ITA"]
[SourceTitle "CBM 186 Extra"]
[Source "ChessBase"]
[SourceDate "2018.08.24"]
[SourceVersion "1"]
[SourceVersionDate "2018.08.24"]
[SourceQuality "1"]

1. d4 Nf6 2. Nf3 c5 3. c3 e6 4. Bf4 Qb6 5. Qb3 Nc6 6. e3 Nh5 7. Qxb6 axb6 8. Bc7 d5 9. Bxb6 c4 10. Bc7 Kd7 11. Bg3 b5 12. Be2 Nxg3 13. hxg3 b4 14. Ng5 f6 15. Nf3 Na5 16. Bd1 Nb3 17. Bxb3 cxb3 18. a3 bxa3 19. Nxa3 Bxa3 20. Rxa3 Rxa3 21. bxa3 Ba6 22. Kd2 Rb8 23. Rb1 Bc4 24. Kc1 Bd3 25. Rb2 Bf1 26. Nd2 Bxg2 27. Nxb3 Kd6 28. Nc5 Rxb2 29. Kxb2 h5 30. Nd3 g5 31. Ne1 h4 0-1

[Event "Arco op 40th"]
[Site "Arco"]
[Date "2018.10.14"]
[Round "2"]
[White "Oppici, Gabriele"]
[Black "Felgendreher, Heiko"]
[Result "0-1"]
[WhiteElo "1976"]
[BlackElo "2234"]
[PlyCount "88"]
[EventDate "2018.10.13"]
[EventType "swiss"]
[EventRounds "9"]
[EventCountry "ITA"]
[SourceTitle "CBM 186 Extra"]
[Source "ChessBase"]
[SourceDate "2018.08.24"]
[SourceVersion "1"]
[SourceVersionDate "2018.08.24"]
[SourceQuality "1"]

1. d4 Nf6 2. Nf3 g6 3. Bf4 Bg7 4. e3 0-0 5. Be2 d6 6. 0-0 Nfd7 7. h3 Nc6 8. c4 e5 9. Bh2 exd4 10. exd4 Qf6 11. d5 Qxb2 12. dxc6 bxc6 13. Nbd2 Qxa1 14. Qxa1 Bxa1 15. Rxa1 Re8 16. Kf1 Rb8 17. Nb3 c5 18. Rd1 Rb4 19. Bf4 Ba6 20. Rc1 Re4 21. Bd2 Bxc4 22. Bxc4 Rbxc4 23. Bc3 Re8 24. Nfd2 Ra4 25. Rc2 Ne5 26. f3 f5 27. Nb1 Nd3 28. a3 d5 29. Bd2 Rb8 30. Nc3 Rxa3 31. Nxc5 Ra1+ 32. Ke2 Nxc5 33. Nxd5 Ne6 34. Bc3 Ra4 35. Nf6+ Kf7 36. Nd7 Rb3 37. Kf2 f4 38. Be5 Rd3 39. Nf6 Ra5 40. Ng4 Rad5 41. Ke2 h5 42. Nh6+ Ke8 43. Bc3 Re3+ 44. Kf2 Rc5 0-1

[Event "Arco op-A 39th"]
[Site "Arco"]
[Date "2017.10.08"]
[Round "2"]
[White "Oppici, Gabriele"]
[Black "Wurm, Alexander"]
[Result "1-0"]
[WhiteElo "1985"]
[BlackElo "2156"]
[PlyCount "85"]
[EventDate "2017.10.07"]
[EventType "swiss"]
[EventRounds "9"]
[EventCountry "ITA"]
[SourceTitle "CBM 181 Extra"]
[Source "ChessBase"]
[SourceDate "2017.12.12"]
[SourceVersion "1"]
[SourceVersionDate "2017.12.12"]
[SourceQuality "1"]

1. d4 d5 2. Bf4 Nf6 3. e3 c5 4. c3 Nc6 5. Nd2 Qb6 6. Qc2 g6 7. Ngf3 Bf5 8. Bd3 Bxd3 9. Qxd3 Bg7 10. 0-0 0-0 11. h3 Rfd8 12. a4 c4 13. Qc2 Nh5 14. Bh2 f5 15. Rfb1 Na5 16. b3 cxb3 17. Nxb3 Rac8 18. Nxa5 Qxa5 19. Rxb7 Rxc3 20. Qd2 Rdc8 21. Be5 Bf8 22. Rb5 Qa6 23. Rxd5 Rc2 24. Qd1 e6 25. Rd8 Rxd8 26. Qxc2 Rc8 27. Qb3 Qc4 28. Qb7 Qc6 29. Rb1 Ng7 30. a5 h6 31. Qxa7 Ra8 32. Qb6 Qe4 33. Rc1 Qd5 34. a6 Ne8 35. a7 Nd6 36. Bxd6 Bxd6 37. Rc6 Bf8 38. Rxe6 g5 39. Ne5 Qd7 40. Rg6+ Kh7 41. Rf6 Qxa7 42. Rf7+ Qxf7 43. Nxf7 1-0

[Event "Forni di Sopra op 8th"]
[Site "Forni di Sopra"]
[Date "2017.06.11"]
[Round "2"]
[White "Henderson de la Fuente, Lance"]
[Black "Oppici, Gabriele"]
[Result "1-0"]
[WhiteElo "2365"]
[BlackElo "2036"]
[PlyCount "73"]
[EventDate "2017.06.10"]
[EventType "swiss"]
[EventRounds "9"]
[EventCountry "ITA"]
[SourceTitle "CBM 179 Extra"]
[Source "ChessBase"]
[SourceDate "2017.08.23"]
[SourceVersion "1"]
[SourceVersionDate "2017.08.23"]
[SourceQuality "1"]

1. e4 d6 2. d4 Nf6 3. Nc3 Nbd7 4. g4 h6 5. h4 e5 6. d5 Nc5 7. f3 Be7 8. Be3 Nfd7 9. Bf2 a5 10. Qd2 c6 11. 0-0-0 a4 12. a3 Qc7 13. Kb1 Rb8 14. Nge2 Qd8 15. Nc1 Qa5 16. N1a2 Nf6 17. Nb4 Bd7 18. Bc4 Rc8 19. Ba2 Na6 20. dxc6 bxc6 21. Nxa6 Qxa6 22. Ne2 Rb8 23. Ng3 d5 24. Ka1 d4 25. g5 hxg5 26. hxg5 Rxh1 27. Rxh1 Ng8 28. g6 Be6 29. Bxe6 fxe6 30. Rh8 Kf8 31. Bxd4 Rd8 32. Qh2 Bxa3 33. Rxg8+ Kxg8 34. Qh7+ Kf8 35. Qh8+ Ke7 36. Qxg7+ Kd6 37. Bxe5+ 1-0

[Event "Arco op 36th"]
[Site "Arco"]
[Date "2014.10.07"]
[Round "4"]
[White "Bisignano, Giuseppe"]
[Black "Oppici, Gabriele"]
[Result "1-0"]
[WhiteElo "1837"]
[BlackElo "1987"]
[PlyCount "83"]
[EventDate "2014.10.04"]
[EventType "swiss"]
[EventRounds "9"]
[EventCountry "ITA"]
[SourceTitle "EXT 2016"]
[Source "ChessBase"]
[SourceDate "2015.10.08"]
[SourceVersion "1"]
[SourceVersionDate "2015.10.08"]
[SourceQuality "1"]

1. e4 d6 2. d4 Nf6 3. Bd3 e5 4. Nf3 Bg4 5. Be3 Nbd7 6. Nc3 Be7 7. h3 Bh5 8. g4 Bg6 9. Qe2 c6 10. dxe5 dxe5 11. 0-0-0 Qc7 12. g5 Nh5 13. Bc4 0-0-0 14. Nh4 Rhf8 15. Nxg6 hxg6 16. Qg4 Kb8 17. Bxf7 Bb4 18. Bxg6 Bxc3 19. bxc3 Nf4 20. Bf5 Nb6 21. Bxf4 exf4 22. Rxd8+ Rxd8 23. Rd1 Rxd1+ 24. Qxd1 a6 25. g6 Na4 26. Qd4 b5 27. e5 Qa5 28. Qd6+ Kb7 29. Qe7+ Kb8 30. Qf8+ Ka7 31. Qb4 Qc7 32. Qd6 Qa5 33. Bc8 Qb6 34. Qd4 c5 35. Qd6 Nxc3 36. Qe7+ Kb8 37. Qxg7 Kxc8 38. Qf8+ Kb7 39. Qe7+ Ka8 40. g7 Qg6 41. Qf8+ Kb7 42. g8Q 1-0

[Event "Arco op 35th"]
[Site "Arco"]
[Date "2013.10.13"]
[Round "2"]
[White "Oppici, Gabriele"]
[Black "Xia, Jie"]
[Result "0-1"]
[WhiteElo "1977"]
[BlackElo "2282"]
[PlyCount "86"]
[EventDate "2013.10.12"]
[EventType "swiss"]
[EventRounds "9"]
[EventCountry "ITA"]
[SourceTitle "CBM 156 Extra"]
[Source "ChessBase"]
[SourceDate "2013.10.22"]
[SourceVersion "1"]
[SourceVersionDate "2013.10.22"]
[SourceQuality "1"]

1. d4 Nf6 2. Nf3 g6 3. Bf4 Bg7 4. e3 0-0 5. h3 d6 6. Be2 Nfd7 7. 0-0 e5 8. Bh2 Nc6 9. c3 Qe7 10. Na3 a6 11. b4 f5 12. Qb3+ Kh8 13. d5 Nd8 14. Rac1 g5 15. Nd2 Nf6 16. c4 Rg8 17. c5 f4 18. cxd6 cxd6 19. b5 Bh6 20. b6 g4 21. Rc7 Qe8 22. exf4 gxh3 23. g3 Bxf4 24. Qc2 Nf7 25. Kh1 Bh6 26. Ne4 Nxd5 27. Nxd6 Nxc7 28. Nxe8 Nxe8 29. Bc4 Ned6 30. Bxf7 Nxf7 31. Qc7 Rf8 32. Nc4 Be6 33. Nxe5 Bd5+ 34. Kg1 Bg7 35. f4 Nxe5 36. fxe5 Bh6 37. Rf6 Be3+ 38. Kf1 Rfc8 39. Ke2 Rxc7 40. bxc7 Bc5 41. g4 Be7 42. Rb6 Rc8 43. e6 Bc5 0-1